| 000 | 00829nam a22002655a 4500 | ||
|---|---|---|---|
| 008 | 101003s2003 ii| frb|| 00010 eengd | ||
| 010 | _a00361757 | ||
| 020 | _a8176493716 | ||
| 020 | _a9788176493710 | ||
| 040 |
_aEG-ScBUE _beng _cEG-ScBUE |
||
| 082 | 0 | 4 |
_a658.4052 _bNEG _222 |
| 100 |
_a20080729 _920023 |
||
| 245 | 0 | 0 |
_aNegotiate to Succeed / _cEdited by Julie Lewthwaite. |
| 260 |
_aNew Delhi : _bViva books private limited, _c2003. |
||
| 300 |
_a171p. ; _c22 cm. |
||
| 500 | _aIndex : p. 169-174. | ||
| 504 | _aBibliography : p. 158-163. | ||
| 590 | _aMenna Elemam | ||
| 650 | 0 |
_aNegotiation in business. _920024 _2BUEsh |
|
| 650 | 0 |
_aSuccess in business. _920025 _2BUEsh |
|
| 651 | _2BUEsh | ||
| 653 |
_bBUSADM _cAugust2015 |
||
| 700 | 1 |
_aLewthwaite, Julie. _920026 |
|
| 942 |
_cBB _k658.4052 NEG _2ddc |
||
| 999 |
_c1109 _d1109 |
||